000 01240nam a2200181Ia 4500
008 151202s9999||||xx |||||||||||||| ||und||
082 _bPNVM-82672
100 _aआर्चर जेफ्री/अनु-जोशी सुभाष.
245 _aपाथ्स ऑफ ग्लॉरी-त्यानं दोन बायकांवर प्रेमकेलं आणित्यातल्या एकीने त्याला मारलं.
260 _b"मेहता पब्लि. हाऊस, पुणे."
260 _c2013
300 _a354
600 _aआर्चर जेफ्री/अनु-जोशी सुभाष.
630 _aपाथ्स ऑफ ग्लॉरी-त्यानं दोन बायकांवर प्रेमकेलं आणित्यातल्या एकीने त्याला मारलं.
700 _aआर्चर जेफ्री/अनु-जोशी सुभाष.
730 _aपाथ्स ऑफ ग्लॉरी-त्यानं दोन बायकांवर प्रेमकेलं आणित्यातल्या एकीने त्याला मारलं.
942 _cBOOK
999 _c1347280
_d1347277